000
00288nam a2200109 a 4500
005
20201002031147.0
008
130312s2012 000 spa d
100
_a
Guerien Batiste, Gilberto
_9
64157
245
3
_a
La apariencia engaƱa.
260
_a
Santo Domingo,
_c
2012.
999
_c
37519
_d
37519
040
_a
DO-SdBNP